| 000 | 01113cad a22002175a 4500 | ||
|---|---|---|---|
| 001 | L158472 | ||
| 008 | 100331s2015 xxk f 000 0 eng d | ||
| 035 | _a(Sirsi) u158472 | ||
| 041 | 0 | _aeng | |
| 110 | 2 |
_aRoyal Institution of Chartered Surveyors _94900 |
|
| 245 | 0 | 0 |
_aInfrastructure information service _h[electronic resource] |
| 260 |
_aLondon _bRICS _c2015 |
||
| 520 | _aNew subscription package developed in response to the Government's strategy and reports from the Treasury's Infrastructure UK which highlighted several important issues. The need for greater transparency of costs, the importance of benchmark data in controlling costs, the need for data to provide a high level challenge on new projects, and clearer understanding of the cost of the risk of future inflation on long term projects and programmes. | ||
| 521 | _aAdvanced | ||
| 590 | _aKA | ||
| 651 | 4 | _aInternational | |
| 690 |
_aInfrastructure _96246 |
||
| 690 | _aBCIS | ||
| 856 | 4 | 0 |
_uhttps://www.rics.org/uk/knowledge/bcis/about-bcis/construction/infrastructure-information-service/ _zView the website at www.rics.org |
| 942 | _n0 | ||
| 999 |
_c84603 _d84603 |
||